000 00291nam a2200121Ia 4500
008 190216s9999||||xx |||||||||||||| ||und||
100 _aAugustine A E&Amp;Joseph K V
245 0 _aGrammer A Handbook
260 _bMacmillan
_c1988
300 _a204
650 _aEnglish Grammar
942 _cBK
999 _c13539
_d13539